| 000 | 00718nam a2200217Ia 4500 | ||
|---|---|---|---|
| 003 | GCL | ||
| 008 | 140319s9999 xx 000 0 ara d | ||
| 040 |
_aGCL / _cGCL |
||
| 082 | 0 | 4 |
_a330.1 _bا م |
| 100 | 1 | _aسهير محمد السيد حسن | |
| 245 | 1 | 0 |
_aمبادىء علم الاقتصاد : _bالتحليل الجزئى والكلى / _cسهير محمد السيد حسن |
| 700 | 1 | _aاحمد فريد مصطفى | |
| 260 |
_a[S.N] : _bمؤسسة شباب الجامعة ، _c1989 |
||
| 300 | _a525 ص | ||
| 490 | _a | ||
| 650 | 0 | 4 | _aالاقتصاد |
| 650 | 0 | 4 | _aالتخطيط الاقتصادى |
| 650 | 0 | 4 | _aالنفقات العامة |
| 650 | 0 | 4 | _aالدخل القومى |
| 942 |
_2ddc _cBK |
||
| 999 |
_c55559 _d55559 |
||